| 000 | 00825nam a2200241 a 4500 | ||
|---|---|---|---|
| 001 | 000023346 | ||
| 005 | 20250305093321.0 | ||
| 008 | 101202s1968 mx a 000 | spa d | ||
| 040 |
_aDO-SdBNP _bspa _cBNPHU |
||
| 082 |
_a581.7 _bB598p |
||
| 100 | 1 |
_aBillings, W. D. _948088 |
|
| 245 | 1 | 4 |
_aLas plantas y el ecosistema / _cW. D. Billings ; traducción de Javier Valdés Gutiérrez. |
| 260 |
_aMéxico D. F. : _bHerrera Hermanos Sucesores, _c1968. |
||
| 300 |
_avi, 168 p. : _bil. ; _c23 cm. |
||
| 490 | 1 | _aFundamentos de la Botánica. | |
| 534 |
_aTítulo de la obra en inglés: _tPlants and the ecosystem. |
||
| 650 | 0 |
_aECOLOGÍA _99251 |
|
| 650 | 4 |
_aBotánica _948089 |
|
| 650 | 4 |
_aPlantas _948090 |
|
| 700 | 1 |
_aValdés Gutiérrez, Javier, _etr. _948091 |
|
| 830 | 0 |
_aFundamentos de la Botánica. _98301 |
|
| 049 | _aBNGR | ||
| 999 |
_c22843 _d22843 |
||